000 00742nam a2200229Ii 4500
003 JO-AjNU
008 230605s9999||||xx |||||||||||||| ||und||
017 _a2016/26457
020 _a978-977-468-922-2
040 _aJO-AjNU
_bara
_erda
_cJO-AjNU
041 _aara
050 1 4 _aPJ6073 2017
100 3 _aالنجار، طارق,
_eauthor
_958523
245 0 0 _aنظرية الأصول والفروع في النحو العربي
250 _aط1
264 3 1 _aالقاهرة: مكتبة الآداب، 2017
300 _a360ص
336 _atext
_btxt
_2rdacontent
337 _aunmediated
_bn
_2rdamedia
338 _avolume
_bnc
_2rdacarrier
650 4 _aاللغة العربية - النحو - الفروع والأصول
_958524
999 _aA26285
_c29853
_d29853